[Event "NDVM 2019 U16"]
[Site "Kiel"]
[Date "2019.09.08"]
[Round "3.1"]
[White "Pahl, Erik"]
[Black "Bosselmann, Tom Linus"]
[Result "1-0"]
[BlackElo "2011"]
[WhiteElo "1990"]
[LiveChessVersion "1.4.8"]

1. e4 {[%clk 1:30:56]} c5 {[%clk 1:30:56]} 2. Nf3 {[%clk 1:31:22]} d6
{[%clk 1:31:22]} 3. d4 {[%clk 1:31:46]} cxd4 {[%clk 1:31:49]} 4. Nxd4
{[%clk 1:32:12]} Nf6 {[%clk 1:32:12]} 5. Nc3 {[%clk 1:32:39]} g6 {[%clk 1:31:14]}
6. Be3 {[%clk 1:30:00]} Bg7 {[%clk 1:31:34]} 7. f3 {[%clk 1:30:19]} O-O
{[%clk 1:31:50]} 8. Qd2 {[%clk 1:30:43]} Nc6 {[%clk 1:32:06]} 9. Bc4
{[%clk 1:31:07]} Bd7 {[%clk 1:29:36]} 10. O-O-O {[%clk 1:30:51]} Rc8
{[%clk 1:28:09]} 11. Bb3 {[%clk 1:31:09]} Ne5 {[%clk 1:26:27]} 12. Kb1
{[%clk 1:31:32]} a6 {[%clk 1:21:20]} 13. Bh6 {[%clk 1:17:30]} b5 {[%clk 1:17:12]}
14. h4 {[%clk 1:16:46]} Nc4 {[%clk 1:04:50]} 15. Bxc4 {[%clk 1:15:34]} Rxc4
{[%clk 1:05:06]} 16. Bxg7 {[%clk 1:14:59]} Kxg7 {[%clk 1:05:17]} 17. h5
{[%clk 1:15:16]} Kg8 {[%clk 0:53:49]} 18. Qh6 {[%clk 1:05:48]} Rxc3
{[%clk 0:50:33]} 19. bxc3 {[%clk 1:05:17]} Qa5 {[%clk 0:50:24]} 20. hxg6
{[%clk 1:04:21]} fxg6 {[%clk 0:50:38]} 21. Qd2 {[%clk 1:04:12]} Rc8
{[%clk 0:50:38]} 22. Kb2 {[%clk 1:00:56]} Rc4 {[%clk 0:50:28]} 23. Nb3
{[%clk 1:00:56]} Qc7 {[%clk 0:50:21]} 24. g4 {[%clk 0:58:39]} Be6
{[%clk 0:49:11]} 25. g5 {[%clk 0:52:45]} Nd7 {[%clk 0:47:00]} 26. Nd4
{[%clk 0:48:50]} Bf7 {[%clk 0:46:58]} 27. Rxh7 {[%clk 0:37:00]} Ra4
{[%clk 0:29:41]} 28. Qh2 {[%clk 0:34:02]} Rxa2+ {[%clk 0:23:32]} 29. Kb1
{[%clk 0:33:39]} Ra1+ {[%clk 0:23:01]} 30. Kxa1 {[%clk 0:33:48]} Qxc3+
{[%clk 0:22:08]} 31. Kb1 {[%clk 0:34:12]} Qb4+ {[%clk 0:22:28]} 32. Kc1
{[%clk 0:34:16]} Qa3+ {[%clk 0:22:03]} 33. Kd2 {[%clk 0:34:31]} Qb4+
{[%clk 0:22:18]} 34. Ke2 {[%clk 0:34:42]} Bc4+ {[%clk 0:22:43]} 35. Kf2
{[%clk 0:35:03]} Nf8 {[%clk 0:21:20]} 36. Rh8+ {[%clk 0:35:18]} Kf7
{[%clk 0:21:29]} 37. Qf4+ {[%clk 0:35:41]} 1-0

[Event "NDVM 2019 U16"]
[Site "Kiel"]
[Date "2019.09.08"]
[Round "3.2"]
[White "Rietschel, Tilo"]
[Black "Pahl, Theis"]
[Result "0-1"]
[BlackElo "1895"]
[WhiteElo "1961"]
[LiveChessVersion "1.4.8"]

1. e4 {[%clk 1:30:56]} c5 {[%clk 1:30:54]} 2. Nf3 {[%clk 1:31:19]} d6
{[%clk 1:31:18]} 3. d4 {[%clk 1:31:45]} cxd4 {[%clk 1:31:44]} 4. Nxd4
{[%clk 1:32:09]} Nf6 {[%clk 1:32:09]} 5. Nc3 {[%clk 1:32:35]} Bd7
{[%clk 1:32:31]} 6. Be3 {[%clk 1:26:58]} Ng4 {[%clk 1:31:56]} 7. Bc1
{[%clk 1:24:39]} Nf6 {[%clk 1:31:17]} 8. Bc4 {[%clk 1:09:52]} Nc6
{[%clk 1:30:53]} 9. f3 {[%clk 0:56:09]} Qb6 {[%clk 1:24:40]} 10. Nxc6
{[%clk 0:54:59]} bxc6 {[%clk 1:20:46]} 11. Qd3 {[%clk 0:52:55]} e5
{[%clk 1:06:46]} 12. Bb3 {[%clk 0:50:58]} Be7 {[%clk 0:56:57]} 13. Be3
{[%clk 0:46:43]} Qc7 {[%clk 0:56:49]} 14. O-O-O {[%clk 0:40:51]} Be6
{[%clk 0:54:24]} 15. g4 {[%clk 0:32:26]} O-O {[%clk 0:46:19]} 16. h4
{[%clk 0:22:43]} Rad8 {[%clk 0:41:09]} 17. h5 {[%clk 0:17:34]} d5
{[%clk 0:36:28]} 18. exd5 {[%clk 0:17:49]} Nxd5 {[%clk 0:35:10]} 19. Nxd5
{[%clk 0:16:32]} cxd5 {[%clk 0:34:13]} 20. g5 {[%clk 0:13:12]} g6
{[%clk 0:28:39]} 21. hxg6 {[%clk 0:04:19]} fxg6 {[%clk 0:27:00]} 22. f4
{[%clk 0:01:47]} exf4 {[%clk 0:23:30]} 23. Bd4 {[%clk 0:00:43]} Bf5
{[%clk 0:21:16]} 24. Qb5 {[%clk 0:00:33]} Be4 {[%clk 0:18:05]} 25. Rhe1
{[%clk 0:00:48]} Rf7 {[%clk 0:16:40]} 26. Bc3 {[%clk 0:00:36]} Qb6
{[%clk 0:15:22]} 27. Qa4 {[%clk 0:00:43]} Bxg5 {[%clk 0:10:55]} 28. Ba5
{[%clk 0:00:53]} Qa6 {[%clk 0:06:56]} 29. Bxd8 {[%clk 0:00:36]} Qxa4
{[%clk 0:06:31]} 30. Bxa4 {[%clk 0:01:05]} Bxd8 {[%clk 0:06:41]} 31. Rxe4
{[%clk 0:00:48]} dxe4 {[%clk 0:06:48]} 32. Rxd8+ {[%clk 0:01:06]} Kg7
{[%clk 0:07:05]} 33. Bb5 {[%clk 0:00:35]} e3 {[%clk 0:02:05]} 34. Re8
{[%clk 0:00:48]} g5 {[%clk 0:01:49]} 35. Kd1 {[%clk 0:01:00]} g4 {[%clk 0:01:27]}
36. Ke2 {[%clk 0:01:08]} Kf6 {[%clk 0:00:51]} 37. Rg8 {[%clk 0:00:41]} h5
{[%clk 0:00:35]} 38. Rh8 {[%clk 0:00:44]} Re7 {[%clk 0:00:33]} 39. Rxh5
{[%clk 0:00:35]} f3+ {[%clk 0:00:50]} 40. Ke1 {[%clk 0:00:51]} g3
{[%clk 0:00:40]} 41. Rh3 {[%clk 0:19:42]} e2 {[%clk 0:29:29]} 42. Bxe2
{[%clk 0:16:38]} Rxe2+ {[%clk 0:29:52]} 43. Kd1 {[%clk 0:17:03]} Rg2
{[%clk 0:30:00]} 44. Rh6+ {[%clk 0:15:56]} Kg5 {[%clk 0:29:06]} 0-1

[Event "NDVM 2019 U16"]
[Site "Kiel"]
[Date "2019.09.08"]
[Round "3.3"]
[White "Rabe, Maximilian"]
[Black "Glinzner, Alva"]
[Result "0-1"]
[BlackElo "1948"]
[WhiteElo "1580"]
[LiveChessVersion "1.4.8"]

1. b4 {[%clk 1:30:57]} e5 {[%clk 1:30:43]} 2. Bb2 {[%clk 1:30:59]} Bxb4
{[%clk 1:30:37]} 3. Bxe5 {[%clk 1:31:10]} Nf6 {[%clk 1:31:04]} 4. c4
{[%clk 1:31:18]} Nc6 {[%clk 1:30:38]} 5. Bb2 {[%clk 1:29:57]} d6 {[%clk 1:29:41]}
6. e3 {[%clk 1:29:17]} O-O {[%clk 1:21:19]} 7. Nf3 {[%clk 1:25:20]} Ba5
{[%clk 1:14:21]} 8. Be2 {[%clk 1:18:57]} Bf5 {[%clk 1:04:36]} 9. a3
{[%clk 1:09:00]} Re8 {[%clk 0:59:30]} 10. O-O {[%clk 1:07:03]} Ng4
{[%clk 0:48:39]} 11. d4 {[%clk 0:56:44]} Qe7 {[%clk 0:47:05]} 12. Qc1
{[%clk 0:50:26]} Bb6 {[%clk 0:44:49]} 13. Nc3 {[%clk 0:43:45]} Na5
{[%clk 0:37:40]} 14. Nd5 {[%clk 0:38:09]} Qd8 {[%clk 0:36:21]} 15. Qc3
{[%clk 0:30:24]} f6 {[%clk 0:27:43]} 16. Rad1 {[%clk 0:20:35]} c6
{[%clk 0:24:11]} 17. Nf4 {[%clk 0:17:35]} d5 {[%clk 0:19:19]} 18. cxd5
{[%clk 0:15:14]} cxd5 {[%clk 0:19:44]} 19. Bb5 {[%clk 0:14:35]} Bd7
{[%clk 0:15:28]} 20. Qd3 {[%clk 0:12:45]} a6 {[%clk 0:13:19]} 21. Bxd7
{[%clk 0:12:10]} Qxd7 {[%clk 0:13:46]} 22. Rc1 {[%clk 0:10:54]} Rad8
{[%clk 0:11:55]} 23. Nd2 {[%clk 0:07:45]} Qf7 {[%clk 0:11:03]} 24. Bc3
{[%clk 0:05:05]} Nc6 {[%clk 0:06:54]} 25. Rb1 {[%clk 0:03:57]} Ba7
{[%clk 0:07:07]} 26. Rfc1 {[%clk 0:03:29]} Rd7 {[%clk 0:06:17]} 27. Nb3
{[%clk 0:03:00]} Nh6 {[%clk 0:05:08]} 28. Na5 {[%clk 0:02:17]} Nd8
{[%clk 0:03:51]} 29. Bb4 {[%clk 0:01:40]} b6 {[%clk 0:02:12]} 30. Nc6
{[%clk 0:00:58]} Nxc6 {[%clk 0:02:33]} 31. Rxc6 {[%clk 0:01:26]} a5
{[%clk 0:03:00]} 32. Be1 {[%clk 0:00:50]} g6 {[%clk 0:02:51]} 33. Rbc1
{[%clk 0:00:50]} Nf5 {[%clk 0:02:08]} 34. Qb5 {[%clk 0:00:36]} Ree7
{[%clk 0:01:05]} 35. Rc8+ {[%clk 0:00:37]} Kg7 {[%clk 0:01:27]} 36. Qc6
{[%clk 0:00:32]} Nd6 {[%clk 0:01:00]} 0-1

[Event "NDVM 2019 U16"]
[Site "Kiel"]
[Date "2019.09.08"]
[Round "3.4"]
[White "Bornholdt, Joa Max"]
[Black "Alhamid, Mohamad"]
[Result "1-0"]
[BlackElo "1716"]
[WhiteElo "1868"]
[LiveChessVersion "1.4.8"]

1. Nf3 {[%clk 1:30:58]} Nf6 {[%clk 1:30:18]} 2. g3 {[%clk 1:30:47]} g6
{[%clk 1:28:14]} 3. Bg2 {[%clk 1:31:12]} Bg7 {[%clk 1:28:37]} 4. O-O
{[%clk 1:31:36]} O-O {[%clk 1:28:09]} 5. d4 {[%clk 1:31:52]} e6 {[%clk 1:22:31]}
6. Nbd2 {[%clk 1:30:21]} d5 {[%clk 1:21:33]} 7. c4 {[%clk 1:28:34]} b6
{[%clk 1:12:09]} 8. b3 {[%clk 1:23:41]} Bb7 {[%clk 1:09:43]} 9. Ba3
{[%clk 1:19:39]} Re8 {[%clk 1:08:58]} 10. Ne5 {[%clk 1:16:31]} Nbd7
{[%clk 1:06:41]} 11. Nd3 {[%clk 1:09:24]} Rc8 {[%clk 0:55:17]} 12. Rc1
{[%clk 1:07:39]} e5 {[%clk 0:37:26]} 13. cxd5 {[%clk 0:56:32]} exd4
{[%clk 0:29:11]} 14. Nb4 {[%clk 0:54:33]} Ne5 {[%clk 0:27:31]} 15. Nc6
{[%clk 0:52:33]} Bxc6 {[%clk 0:25:40]} 16. dxc6 {[%clk 0:52:43]} Nd5
{[%clk 0:24:37]} 17. Bb2 {[%clk 0:50:01]} d3 {[%clk 0:19:36]} 18. Bxe5
{[%clk 0:37:37]} Bxe5 {[%clk 0:19:06]} 19. Bxd5 {[%clk 0:33:46]} Qxd5
{[%clk 0:19:26]} 20. exd3 {[%clk 0:29:56]} Qxd3 {[%clk 0:19:40]} 21. Nf3
{[%clk 0:28:52]} Qf5 {[%clk 0:17:37]} 22. Nxe5 {[%clk 0:28:37]} Qxe5
{[%clk 0:17:43]} 23. Re1 {[%clk 0:28:37]} Qxe1+ {[%clk 0:18:07]} 24. Qxe1
{[%clk 0:29:06]} Rxe1+ {[%clk 0:18:35]} 25. Rxe1 {[%clk 0:29:26]} Kf8
{[%clk 0:18:51]} 26. Rd1 {[%clk 0:29:39]} Re8 {[%clk 0:18:05]} 27. b4
{[%clk 0:28:34]} Re6 {[%clk 0:16:46]} 28. b5 {[%clk 0:28:33]} Ke8
{[%clk 0:16:52]} 29. f3 {[%clk 0:27:00]} Re2 {[%clk 0:14:28]} 30. Rd7
{[%clk 0:26:47]} Rxa2 {[%clk 0:13:57]} 31. Rxc7 {[%clk 0:27:09]} Ra5
{[%clk 0:14:04]} 32. Kf2 {[%clk 0:26:00]} Rxb5 {[%clk 0:13:44]} 33. Rxa7
{[%clk 0:26:26]} Rc5 {[%clk 0:12:04]} 34. Rc7 {[%clk 0:26:04]} h5
{[%clk 0:09:46]} 35. Ke3 {[%clk 0:25:58]} f5 {[%clk 0:07:38]} 36. h4
{[%clk 0:24:58]} Kd8 {[%clk 0:06:49]} 37. Rd7+ {[%clk 0:25:03]} Kc8
{[%clk 0:07:08]} 38. Rd6 {[%clk 0:25:17]} b5 {[%clk 0:05:43]} 39. Kd4
{[%clk 0:22:50]} Rc1 {[%clk 0:04:17]} 40. Rxg6 {[%clk 0:22:27]} b4
{[%clk 0:04:15]} 41. Kd5 {[%clk 0:21:42]} b3 {[%clk 0:04:22]} 42. Rg8+
{[%clk 0:21:53]} Kc7 {[%clk 0:04:44]} 43. Rg7+ {[%clk 0:22:19]} Kc8
{[%clk 0:26:51]} 44. Rb7 {[%clk 0:52:08]} Rd1+ {[%clk 0:26:59]} 45. Kc4
{[%clk 0:48:31]} Rc1+ {[%clk 0:25:07]} 46. Kxb3 {[%clk 0:48:55]} Rf1
{[%clk 0:25:26]} 47. Kc4 {[%clk 0:47:29]} Rxf3 {[%clk 0:25:40]} 48. Rg7
{[%clk 0:47:23]} f4 {[%clk 0:25:09]} 49. g4 {[%clk 0:44:16]} Rg3 {[%clk 0:24:44]}
50. g5 {[%clk 0:44:16]} Rg4 {[%clk 0:23:21]} 51. Kd5 {[%clk 0:44:18]} f3
{[%clk 0:23:02]} 52. Rf7 {[%clk 0:44:06]} Rxh4 {[%clk 0:22:16]} 53. Rxf3
{[%clk 0:41:10]} Rg4 {[%clk 0:19:52]} 54. Kd6 {[%clk 0:40:51]} Rd4+
{[%clk 0:20:13]} 55. Ke5 {[%clk 0:41:11]} Rd1 {[%clk 0:17:45]} 56. g6
{[%clk 0:38:58]} Kc7 {[%clk 0:17:38]} 57. g7 {[%clk 0:38:15]} Rg1
{[%clk 0:16:56]} 58. Kf6 {[%clk 0:38:35]} h4 {[%clk 0:16:51]} 59. Kf7
{[%clk 0:38:40]} h3 {[%clk 0:17:16]} 60. Rxh3 {[%clk 0:38:37]} Rf1+
{[%clk 0:17:34]} 61. Kg8 {[%clk 0:38:53]} 1-0

[Event "NDVM 2019 U16"]
[Site "Kiel"]
[Date "2019.09.08"]
[Round "3.5"]
[White "Sulayev, Daniel"]
[Black "Farokhi, Keyvan"]
[Result "1-0"]
[BlackElo "1979"]
[WhiteElo "2140"]
[LiveChessVersion "1.4.8"]

1. b3 {[%clk 1:30:34]} Nf6 {[%clk 1:30:28]} 2. Bb2 {[%clk 1:30:56]} g6
{[%clk 1:30:46]} 3. Bxf6 {[%clk 1:31:16]} exf6 {[%clk 1:31:14]} 4. c4
{[%clk 1:31:33]} Bg7 {[%clk 1:29:14]} 5. Nc3 {[%clk 1:31:18]} O-O
{[%clk 1:28:40]} 6. g3 {[%clk 1:28:53]} d6 {[%clk 1:20:24]} 7. Bg2
{[%clk 1:28:59]} f5 {[%clk 1:20:21]} 8. e3 {[%clk 1:28:21]} Nd7 {[%clk 1:18:54]}
9. Nge2 {[%clk 1:28:01]} Nf6 {[%clk 1:17:23]} 10. Rc1 {[%clk 1:24:56]} Re8
{[%clk 1:08:04]} 11. O-O c6 {[%clk 1:02:28]} 12. d3 {[%clk 1:18:29]} Be6
{[%clk 1:02:09]} 13. Nd4 {[%clk 1:12:02]} d5 {[%clk 0:59:26]} 14. c5
{[%clk 1:10:00]} Nd7 {[%clk 0:57:00]} 15. Nce2 {[%clk 1:09:27]} Qa5
{[%clk 0:55:07]} 16. Qe1 {[%clk 1:04:45]} Qxe1 {[%clk 0:40:10]} 17. Rfxe1
{[%clk 1:05:12]} Bf8 {[%clk 0:39:43]} 18. b4 {[%clk 0:57:13]} a5 {[%clk 0:39:59]}
19. a3 {[%clk 0:57:35]} axb4 20. axb4 Ra3 {[%clk 0:38:19]} 21. Rc3
{[%clk 0:56:09]} Rea8 {[%clk 0:36:09]} 22. Rxa3 {[%clk 0:50:21]} Rxa3
{[%clk 0:36:35]} 23. Nf4 {[%clk 0:50:37]} Bg7 {[%clk 0:36:10]} 24. Ndxe6
{[%clk 0:44:27]} fxe6 {[%clk 0:36:31]} 25. Nxe6 {[%clk 0:44:45]} Rxd3
{[%clk 0:36:17]} 26. Nd8 {[%clk 0:44:35]} Rb3 {[%clk 0:28:00]} 27. Nxb7
{[%clk 0:44:51]} Kf8 {[%clk 0:26:17]} 28. Na5 {[%clk 0:44:55]} Rxb4
{[%clk 0:26:22]} 29. Nxc6 {[%clk 0:45:17]} Rc4 {[%clk 0:26:09]} 30. Bxd5
{[%clk 0:41:32]} Rxc5 {[%clk 0:26:37]} 31. Bf3 {[%clk 0:40:51]} Ne5
{[%clk 0:25:16]} 32. Nxe5 {[%clk 0:40:59]} Bxe5 {[%clk 0:25:40]} 33. Rb1
{[%clk 0:41:06]} Kg7 {[%clk 0:25:04]} 34. h4 {[%clk 0:41:24]} Rc7
{[%clk 0:24:04]} 35. Kg2 {[%clk 0:41:44]} h5 {[%clk 0:22:36]} 36. Rb5
{[%clk 0:39:12]} Re7 {[%clk 0:18:29]} 37. Ra5 {[%clk 0:35:02]} Bf6
{[%clk 0:12:51]} 38. Bd5 {[%clk 0:34:06]} Rd7 {[%clk 0:12:48]} 39. e4
{[%clk 0:33:58]} fxe4 {[%clk 0:12:01]} 40. Bxe4 {[%clk 0:34:05]} Re7
{[%clk 0:10:19]} 41. Bf3 {[%clk 0:34:15]} Kh6 {[%clk 0:06:05]} 42. Ra8
{[%clk 0:33:02]} Rd7 {[%clk 0:03:46]} 43. Ra6 {[%clk 0:32:16]} Kg7
{[%clk 0:03:39]} 44. Ra5 {[%clk 0:32:39]} Kh6 {[%clk 0:03:57]} 45. Be4
{[%clk 0:32:44]} Re7 {[%clk 0:03:22]} 46. f3 {[%clk 0:32:51]} Kg7
{[%clk 0:02:42]} 47. Ra6 {[%clk 0:31:28]} Rd7 {[%clk 0:01:10]} 48. Kh3
{[%clk 0:29:17]} Re7 {[%clk 0:00:39]} 49. Rc6 {[%clk 0:29:15]} Re5
{[%clk 0:24:02]} 50. Rc4 {[%clk 0:57:51]} Kh6 {[%clk 0:21:45]} 51. g4
{[%clk 0:57:15]} g5 {[%clk 0:20:19]} 52. Rc7 {[%clk 0:56:27]} Re7
{[%clk 0:19:59]} 53. Rc6 {[%clk 0:55:35]} Rf7 {[%clk 0:19:10]} 54. hxg5+
{[%clk 0:55:41]} Kxg5 {[%clk 0:18:56]} 55. Rc5+ {[%clk 0:56:02]} Kh6
{[%clk 0:18:17]} 56. Rxh5+ {[%clk 0:56:14]} Kg7 {[%clk 0:18:46]} 57. Kg3
{[%clk 0:50:43]} Kf8 {[%clk 0:15:59]} 58. f4 {[%clk 0:50:10]} Bd8
{[%clk 0:15:17]} 59. Kf3 {[%clk 0:44:48]} Bc7 {[%clk 0:14:35]} 60. f5
{[%clk 0:45:04]} Rg7 {[%clk 0:14:35]} 61. f6 {[%clk 0:43:50]} Rd7
{[%clk 0:14:24]} 62. Rh8+ {[%clk 0:43:43]} Kf7 {[%clk 0:14:49]} 63. Rh7+
{[%clk 0:44:06]} 1-0

[Event "NDVM 2019 U16"]
[Site "Kiel"]
[Date "2019.09.08"]
[Round "3.6"]
[White "Rempe, Jonas"]
[Black "Breitzmann, Sander"]
[Result "0-1"]
[BlackElo "1951"]
[WhiteElo "1893"]
[LiveChessVersion "1.4.8"]

1. e4 {[%clk 1:30:32]} e5 {[%clk 1:30:52]} 2. Nf3 {[%clk 1:30:57]} Nc6
{[%clk 1:31:18]} 3. Bb5 {[%clk 1:31:19]} a6 {[%clk 1:31:40]} 4. Ba4
{[%clk 1:31:44]} Nf6 {[%clk 1:32:06]} 5. O-O {[%clk 1:32:08]} Nxe4
{[%clk 1:32:34]} 6. d4 {[%clk 1:32:31]} b5 {[%clk 1:33:00]} 7. Bb3
{[%clk 1:32:57]} d5 {[%clk 1:33:26]} 8. dxe5 {[%clk 1:33:15]} Be6
{[%clk 1:33:54]} 9. Qe2 {[%clk 1:33:28]} Be7 {[%clk 1:32:52]} 10. Rd1
{[%clk 1:33:37]} Nc5 {[%clk 1:31:15]} 11. Be3 {[%clk 1:31:29]} Nxb3
{[%clk 1:28:13]} 12. axb3 {[%clk 1:31:27]} Bg4 {[%clk 1:26:25]} 13. c4
{[%clk 1:20:28]} bxc4 {[%clk 1:24:33]} 14. bxc4 {[%clk 1:16:26]} d4
{[%clk 1:23:53]} 15. Bxd4 {[%clk 1:11:57]} Nxd4 {[%clk 1:23:49]} 16. Rxd4
{[%clk 1:10:21]} Qxd4 {[%clk 1:24:13]} 17. Nxd4 {[%clk 1:10:43]} Bxe2
{[%clk 1:24:40]} 18. Nxe2 {[%clk 1:11:11]} O-O-O {[%clk 1:23:01]} 19. Nbc3
{[%clk 1:09:00]} Kb7 {[%clk 1:22:40]} 20. Nd5 {[%clk 1:05:11]} Rhe8
{[%clk 1:22:24]} 21. Nec3 {[%clk 0:59:14]} Bc5 {[%clk 1:20:57]} 22. b4
{[%clk 0:53:41]} Bd4 {[%clk 1:19:38]} 23. Rd1 {[%clk 0:53:55]} Bxe5
{[%clk 1:17:17]} 0-1

[Event "NDVM 2019 U16"]
[Site "Kiel"]
[Date "2019.09.08"]
[Round "3.7"]
[White "Ellert, Stefan"]
[Black "Grounev, Henry"]
[Result "1/2-1/2"]
[BlackElo "1712"]
[WhiteElo "1689"]
[LiveChessVersion "1.4.8"]

1. d4 {[%clk 1:30:03]} Nf6 {[%clk 1:30:48]} 2. e3 {[%clk 1:30:06]} g6
{[%clk 1:31:10]} 3. Bd3 {[%clk 1:30:26]} d6 {[%clk 1:31:22]} 4. f4
{[%clk 1:30:38]} Nc6 {[%clk 1:30:38]} 5. Nf3 {[%clk 1:31:00]} Bg7
{[%clk 1:30:46]} 6. O-O {[%clk 1:31:07]} O-O {[%clk 1:30:58]} 7. h3
{[%clk 1:28:21]} d5 {[%clk 1:29:12]} 8. Ne5 {[%clk 1:28:28]} Nh5 {[%clk 1:21:43]}
9. Kh2 {[%clk 1:25:22]} e6 {[%clk 1:18:43]} 10. c3 {[%clk 1:22:15]} f5
{[%clk 1:15:25]} 11. Nd2 {[%clk 1:16:25]} Nf6 {[%clk 1:14:04]} 12. b3
{[%clk 1:04:32]} Nxe5 {[%clk 1:13:36]} 13. fxe5 {[%clk 1:03:33]} Ne4
{[%clk 1:07:23]} 14. Nxe4 {[%clk 1:02:59]} fxe4 {[%clk 1:07:18]} 15. Be2
{[%clk 1:02:17]} Rxf1 {[%clk 1:02:35]} 16. Qxf1 {[%clk 1:01:11]} Qf8
{[%clk 0:59:26]} 17. Bd2 {[%clk 1:00:46]} Bd7 {[%clk 0:59:40]} 18. Qxf8+
{[%clk 0:49:17]} Rxf8 {[%clk 0:59:39]} 19. Rf1 {[%clk 0:49:30]} Rxf1
{[%clk 0:58:13]} 20. Bxf1 {[%clk 0:49:48]} c5 {[%clk 0:54:45]} 21. g4
{[%clk 0:49:01]} Kf7 {[%clk 0:52:04]} 22. Kg3 {[%clk 0:49:07]} g5
{[%clk 0:50:07]} 23. h4 {[%clk 0:47:48]} h6 {[%clk 0:50:00]} 24. h5
{[%clk 0:48:03]} b5 {[%clk 0:49:28]} 25. b4 {[%clk 0:46:52]} cxb4
{[%clk 0:44:16]} 26. cxb4 {[%clk 0:47:06]} Bf8 {[%clk 0:44:23]} 27. a3
{[%clk 0:47:25]} a5 {[%clk 0:42:18]} 28. Kf2 {[%clk 0:47:09]} 1/2-1/2

[Event "NDVM 2019 U16"]
[Site "Kiel"]
[Date "2019.09.08"]
[Round "3.8"]
[White "Woltmann, Peter"]
[Black "Ellert, Oliver"]
[Result "0-1"]
[BlackElo "1632"]
[WhiteElo "1503"]
[LiveChessVersion "1.4.8"]

1. e4 {[%clk 1:30:50]} c6 {[%clk 1:30:56]} 2. d4 {[%clk 1:31:09]} d5
{[%clk 1:31:17]} 3. exd5 {[%clk 1:31:19]} cxd5 {[%clk 1:31:37]} 4. Nc3
{[%clk 1:31:36]} Bf5 {[%clk 1:31:06]} 5. Bf4 {[%clk 1:31:20]} a6 {[%clk 1:31:09]}
6. a4 {[%clk 1:31:23]} Nc6 {[%clk 1:31:14]} 7. Nf3 {[%clk 1:31:42]} e6
{[%clk 1:30:55]} 8. Bd3 {[%clk 1:32:02]} Bg4 {[%clk 1:30:15]} 9. Be2
{[%clk 1:31:39]} Bd6 {[%clk 1:30:31]} 10. Bxd6 {[%clk 1:31:02]} Qxd6
{[%clk 1:30:54]} 11. O-O {[%clk 1:31:04]} Nf6 {[%clk 1:29:22]} 12. Re1
{[%clk 1:29:38]} O-O 13. Ne5 {[%clk 1:29:52]} Bf5 {[%clk 1:28:35]} 14. Bd3
{[%clk 1:29:16]} Nxd4 {[%clk 1:28:21]} 15. Bxf5 {[%clk 1:29:17]} Nxf5
{[%clk 1:28:42]} 16. g4 {[%clk 1:26:44]} Ne7 {[%clk 1:28:45]} 17. g5
{[%clk 1:24:44]} Nd7 {[%clk 1:28:46]} 18. Nxd7 {[%clk 1:25:04]} Qxd7
{[%clk 1:29:09]} 19. h4 {[%clk 1:24:28]} Qc7 {[%clk 1:28:28]} 20. Qd2
{[%clk 1:22:34]} Ng6 {[%clk 1:28:27]} 21. Qd4 {[%clk 1:15:47]} Qf4
{[%clk 1:28:23]} 22. Qxf4 {[%clk 1:15:54]} Nxf4 {[%clk 1:28:46]} 23. Ne2
{[%clk 1:15:38]} Ng6 {[%clk 1:28:03]} 24. h5 {[%clk 1:13:43]} Ne5
{[%clk 1:28:19]} 25. Nd4 {[%clk 1:13:42]} Nc6 {[%clk 1:28:41]} 26. Nxc6
{[%clk 1:13:38]} bxc6 {[%clk 1:29:06]} 27. Rad1 {[%clk 1:13:42]} Rab8
{[%clk 1:29:23]} 28. b3 {[%clk 1:13:30]} Rb4 {[%clk 1:29:39]} 29. Re3
{[%clk 1:13:45]} Rg4+ {[%clk 1:29:33]} 30. Rg3 {[%clk 1:14:07]} Rxg3+
{[%clk 1:29:10]} 31. fxg3 {[%clk 1:14:28]} g6 {[%clk 1:29:32]} 32. g4
{[%clk 1:14:42]} Rb8 {[%clk 1:29:33]} 33. Kf2 {[%clk 1:14:27]} Rb4
{[%clk 1:29:18]} 34. Kf3 {[%clk 1:14:48]} Kf8 {[%clk 1:29:39]} 35. hxg6
{[%clk 1:15:03]} hxg6 {[%clk 1:30:01]} 36. Rh1 {[%clk 1:15:26]} Kg7
{[%clk 1:30:05]} 37. Re1 {[%clk 1:15:26]} c5 {[%clk 1:30:04]} 38. Re2
{[%clk 1:14:00]} a5 {[%clk 1:28:54]} 39. Re3 {[%clk 1:13:51]} Rb6
{[%clk 1:28:37]} 40. Kf4 {[%clk 1:12:12]} Rb4+ {[%clk 1:27:39]} 41. Kf3
{[%clk 1:12:30]} Kf8 {[%clk 1:27:53]} 42. Rc3 {[%clk 1:10:20]} c4
{[%clk 1:26:22]} 43. bxc4 {[%clk 1:10:13]} dxc4 {[%clk 1:26:43]} 44. Ra3
{[%clk 1:10:37]} Ke7 {[%clk 1:26:33]} 45. Ke3 {[%clk 1:10:54]} Kd6
{[%clk 1:26:50]} 46. Kd4 {[%clk 1:11:10]} c3+ {[%clk 1:26:43]} 47. Kxc3
{[%clk 1:11:32]} Rxg4 {[%clk 1:27:08]} 48. Rb3 {[%clk 1:11:00]} Rxg5
{[%clk 1:27:33]} 49. Rb7 {[%clk 1:11:10]} Rc5+ {[%clk 1:26:59]} 50. Kb3
{[%clk 1:11:27]} f6 {[%clk 1:27:07]} 51. Rb6+ {[%clk 1:11:21]} Kd5
{[%clk 1:27:24]} 52. Rb8 {[%clk 1:10:14]} g5 {[%clk 1:27:38]} 53. Rd8+
{[%clk 1:10:24]} Ke5 {[%clk 1:27:49]} 54. c4 {[%clk 1:10:38]} f5 {[%clk 1:28:04]}
55. Rb8 {[%clk 1:10:41]} g4 {[%clk 1:27:54]} 56. Rb5 {[%clk 1:07:28]} Kd4
{[%clk 1:28:16]} 57. Rb6 {[%clk 1:07:44]} e5 {[%clk 1:28:31]} 58. Rd6+
{[%clk 1:08:04]} Ke3 {[%clk 1:28:34]} 59. Rd5 {[%clk 1:08:25]} Rxd5
{[%clk 1:28:31]} 60. cxd5 {[%clk 1:08:48]} g3 {[%clk 1:28:57]} 61. d6
{[%clk 1:09:14]} g2 {[%clk 1:29:02]} 62. d7 {[%clk 1:09:34]} g1=Q
{[%clk 1:29:25]} 63. d8=Q {[%clk 1:09:57]} Qb1+ {[%clk 1:29:42]} 64. Kc3
{[%clk 1:09:25]} Qb4+ {[%clk 1:29:51]} 65. Kc2 {[%clk 1:09:48]} Qxa4+
{[%clk 1:30:10]} 66. Kc1 {[%clk 1:08:40]} Qc4+ {[%clk 1:30:28]} 0-1

[Event "NDVM 2019 U16"]
[Site "Kiel"]
[Date "2019.09.08"]
[Round "3.9"]
[White "Buller, Ian Joshua"]
[Black "Woelk, Tom-Frederic"]
[Result "0-1"]
[BlackElo "2227"]
[WhiteElo "1944"]
[LiveChessVersion "1.4.8"]

1. e4 {[%clk 1:30:57]} e5 {[%clk 1:30:56]} 2. Nf3 {[%clk 1:31:20]} Nc6
{[%clk 1:31:22]} 3. Bb5 {[%clk 1:31:40]} g6 {[%clk 1:31:46]} 4. O-O
{[%clk 1:30:08]} Bg7 {[%clk 1:32:06]} 5. d3 {[%clk 1:24:26]} Nge7
{[%clk 1:31:19]} 6. a3 {[%clk 1:15:03]} a6 {[%clk 1:30:25]} 7. Bc4
{[%clk 1:14:29]} O-O {[%clk 1:23:33]} 8. Nc3 {[%clk 1:14:10]} d6 {[%clk 1:21:10]}
9. Bg5 {[%clk 1:05:57]} h6 {[%clk 1:21:17]} 10. Be3 {[%clk 1:05:12]} Nd4
{[%clk 1:12:21]} 11. h3 {[%clk 0:46:24]} Kh7 {[%clk 1:07:41]} 12. Bxd4
{[%clk 0:43:34]} exd4 {[%clk 1:07:08]} 13. Ne2 {[%clk 0:43:54]} b5
{[%clk 1:04:09]} 14. Bb3 {[%clk 0:43:45]} c5 {[%clk 1:04:09]} 15. Nf4
{[%clk 0:36:36]} Bb7 {[%clk 0:57:37]} 16. Re1 {[%clk 0:35:43]} Rc8
{[%clk 0:56:50]} 17. Ba2 {[%clk 0:31:17]} Qb6 {[%clk 0:47:27]} 18. Nd2
{[%clk 0:27:29]} Be5 {[%clk 0:44:27]} 19. Ne2 {[%clk 0:26:53]} f5
{[%clk 0:43:16]} 20. f4 {[%clk 0:20:38]} Bg7 {[%clk 0:42:39]} 21. Kh1
{[%clk 0:15:30]} fxe4 {[%clk 0:42:52]} 22. Nxe4 {[%clk 0:15:46]} Nf5
{[%clk 0:41:30]} 23. Qd2 {[%clk 0:13:41]} Rce8 {[%clk 0:40:33]} 24. N2g3
{[%clk 0:10:14]} Ne3 {[%clk 0:40:53]} 25. Nf1 {[%clk 0:09:47]} Bxe4
{[%clk 0:35:22]} 26. dxe4 {[%clk 0:10:10]} Rxe4 {[%clk 0:35:49]} 27. Nxe3
{[%clk 0:10:24]} dxe3 {[%clk 0:36:15]} 28. Rxe3 {[%clk 0:10:17]} Rexf4
{[%clk 0:36:40]} 29. Re7 {[%clk 0:08:06]} c4 {[%clk 0:37:01]} 30. Ree1
{[%clk 0:04:34]} Bxb2 {[%clk 0:35:07]} 31. Rab1 {[%clk 0:04:47]} Be5
{[%clk 0:35:28]} 32. Rbd1 {[%clk 0:01:54]} Rf2 {[%clk 0:31:27]} 33. Qd5
{[%clk 0:01:37]} Qe3 {[%clk 0:31:27]} 34. Rg1 {[%clk 0:00:52]} Qg3
{[%clk 0:31:46]} 0-1